000 01245cam a2200265 i 4500
003 SA-RiAUC
005 20251029083015.0
008 251024s2000 su g 000k0 ara c
040 _aOQU
_bara
_cSA-RiAUC
_erda
082 0 4 _a258.4
_qSA-RiAUC
090 _a258.4
_b ا ب و ي
100 1 _aأبو يعلى، محمد بن الحسين بن محمد،
_d380-458 هجري
_eمؤلف.
245 1 2 _aالإكراه من كتاب الجامع الصغير /
_cأبو يعلى الفراء الحنبلي ؛ حققه وعلق على نصوصه أحمد بن موسى السهلي.
250 _aالطبعة الأولى.
264 1 _aالطائف، السعودية :
_bمكتبة دار البيان الحديثة،
_c2000
300 _a32 صفحة ؛
_c18 سم
336 _aنص
_btxt
_2rdacontent
_3كتاب
337 _aبدون وسيط
_bn
_2rdamedia
338 _aمجلد
_bnc
_2rdacarrier
650 7 _aالفقه الحنبلي
_2aucsh
700 1 _aالسهلي، أحمد بن موسى بن حاسر،
_d1366 هجري-
_eمحقق.
740 2 2 _aالجامع الصغير في الفقه على مذهب الإمام أحمد بن محمد بن حنبل.
942 _2ddc
_cBOOK
_n0
949 _aSA-JeALM
_d251024
_umohamedma123
_n1
999 _c12754
_d12754